[Event "Petrolina Bandeira Memorial"]
[Site "Petrolina"]
[Date "2019.11.15"]
[Round "1"]
[White "Sousa, Alvaro Cristiano Mi"]
[Black "Macedo, Gilson Rosa"]
[Result "1/2-1/2"]
[WhiteElo "1800"]
[BlackElo "2129"]
[PlyCount "89"]
[EventDate "2019.11.15"]
[EventType "swiss"]
[EventRounds "6"]
[EventCountry "BRA"]
[SourceTitle "EXT 2021"]
[Source "ChessBase"]
[SourceDate "2020.10.23"]
[SourceVersion "1"]
[SourceVersionDate "2020.10.23"]
[SourceQuality "1"]

1. Nf3 Nf6 2. c4 g6 3. Nc3 Bg7 4. d4 d5 5. cxd5 Nxd5 6. e4 Nxc3 7. bxc3 0-0 8. Bb2 c5 9. d5 e6 10. Be2 Qa5 11. Qd2 exd5 12. exd5 Rd8 13. 0-0 Be6 14. Bc4 b5 15. Bb3 c4 16. Bc2 Bxd5 17. Qe3 Nc6 18. a4 bxa4 19. Bxa4 Qb6 20. Qxb6 axb6 21. Bxc6 Bxc6 22. Nd4 Bxd4 23. cxd4 Rxa1 24. Rxa1 Ra8 25. Rxa8+ Bxa8 26. f3 Kf8 27. Kf2 Ke7 28. Ke3 Kd6 29. Kd2 Kc6 30. Kc3 Kd5 31. Bc1 Bc6 32. Be3 f6 33. h4 b5 34. Bd2 b4+ 35. Kxb4 Kxd4 36. Bc3+ Ke3 37. Kxc4 f5 38. Bd4+ Ke2 39. f4 Bxg2 40. Bf6 Kf3 41. Bg5 Kg4 42. Kd4 Kh5 43. Ke5 h6 44. Bd8 Kg4 45. Be7 1/2-1/2

[Event "Recife Arraes Memorial 3rd"]
[Site "Recife"]
[Date "2010.10.09"]
[Round "1.17"]
[White "Macedo, Gilson Rosa"]
[Black "Ferreira, Kleber Victor"]
[Result "1/2-1/2"]
[WhiteElo "2147"]
[BlackElo "2115"]
[PlyCount "99"]
[EventDate "2010.10.09"]
[EventType "swiss"]
[EventRounds "5"]
[EventCountry "BRA"]
[SourceTitle "EXT 2022"]
[Source "ChessBase"]
[SourceDate "2021.10.06"]
[SourceVersion "1"]
[SourceVersionDate "2021.10.06"]
[SourceQuality "1"]

1. e4 e5 2. Nf3 Nc6 3. d4 exd4 4. Bc4 Nf6 5. e5 d5 6. Bb5 Ne4 7. Nxd4 Bd7 8. Bxc6 bxc6 9. 0-0 Bc5 10. f3 Ng5 11. f4 Ne4 12. Be3 0-0 13. Nc3 Nxc3 14. bxc3 f6 15. exf6 Qxf6 16. Qd2 Rae8 17. Rae1 Re4 18. Nf5 Bxe3+ 19. Nxe3 Rxf4 20. Rxf4 Qxf4 21. Rf1 Qe5 22. Rxf8+ Kxf8 23. h3 Ke7 24. Kf2 Qe4 25. Kg1 h6 26. Qf2 Qe5 27. Qd2 Be6 28. Nd1 c5 29. Nf2 c4 30. Nd1 c5 31. Ne3 Qe4 32. a3 Qe5 33. Kf2 Kf7 34. Kg1 d4 35. cxd4 cxd4 36. Nf1 c3 37. Qf2+ Qf6 38. Qg3 Qf5 39. Qc7+ Kg6 40. Qd6 Qe4 41. Qg3+ Kh7 42. Qf2 Bc4 43. Ng3 Qd5 44. Ne2 Bxe2 45. Qxe2 Qf5 46. Kh1 h5 47. a4 Qg5 48. Qe4+ Qg6 49. Qe2 Qg5 50. Qe4+ 1/2-1/2

[Event "Quixada Sertao 6th op"]
[Site "Quixada"]
[Date "2008.07.19"]
[Round "5.13"]
[White "Macedo, Gilson Rosa"]
[Black "Correa, Jose Wilson Ferreir"]
[Result "0-1"]
[WhiteElo "1982"]
[BlackElo "1785"]
[PlyCount "76"]
[EventDate "2008.07.17"]
[EventType "swiss"]
[EventRounds "7"]
[EventCountry "BRA"]
[SourceTitle "EXT 2022"]
[Source "ChessBase"]
[SourceDate "2021.10.06"]
[SourceVersion "1"]
[SourceVersionDate "2021.10.06"]
[SourceQuality "1"]

1. e4 c5 2. Nf3 Nc6 3. Nc3 d6 4. d4 cxd4 5. Nxd4 Nf6 6. Bg5 Ng4 7. Bb5 Bd7 8. 0-0 Nge5 9. f4 Ng6 10. f5 Nge5 11. Nd5 Nxd4 12. Bxd7+ Qxd7 13. Qxd4 g6 14. f6 e6 15. Ne3 b6 16. Rad1 Rc8 17. Bf4 Qb5 18. a4 Qc6 19. Bxe5 dxe5 20. Qxe5 Qxa4 21. Ra1 Qc6 22. Kh1 Bd6 23. Qd4 Bc5 24. Qd3 Rd8 25. Qc3 Qxe4 26. Nc4 0-0 27. Nd2 Qe2 28. Nf3 Rd7 29. Rae1 Qb5 30. Qe5 Rfd8 31. h4 Rd5 32. Qc7 R5d7 33. Qf4 Qxb2 34. Ng5 Rd4 35. Qg3 Qb4 36. Nf3 Rg4 37. Qc7 Rf8 38. c3 Qb2 0-1

[Event "Quixada Sertao 6th op"]
[Site "Quixada"]
[Date "2008.07.18"]
[Round "3.11"]
[White "Macedo, Gilson Rosa"]
[Black "Albuquerque, Carlos Patrick S"]
[Result "1/2-1/2"]
[WhiteElo "1982"]
[BlackElo "2096"]
[PlyCount "62"]
[EventDate "2008.07.17"]
[EventType "swiss"]
[EventRounds "7"]
[EventCountry "BRA"]
[SourceTitle "EXT 2022"]
[Source "ChessBase"]
[SourceDate "2021.10.06"]
[SourceVersion "1"]
[SourceVersionDate "2021.10.06"]
[SourceQuality "1"]

1. e4 c5 2. Nf3 e6 3. Nc3 d6 4. d4 cxd4 5. Nxd4 a6 6. Be2 Nf6 7. 0-0 Be7 8. Be3 Nc6 9. f4 Bd7 10. g4 Nxd4 11. Bxd4 Bc6 12. Bf3 0-0 13. g5 Nd7 14. h4 e5 15. Be3 exf4 16. Bxf4 Ne5 17. Bxe5 dxe5 18. Qxd8 Raxd8 19. Nd5 Bc5+ 20. Kh2 f5 21. gxf6 gxf6 22. Bg4 Bxd5 23. exd5 b5 24. Be6+ Kg7 25. Rf3 b4 26. Raf1 a5 27. Rg3+ Kh6 28. Rgf3 Kg7 29. Rg3+ Kh6 30. Rgf3 Kg7 31. Rg3+ Kh6 1/2-1/2